Listen to unspoken words / (Record no. 276939)
[ view plain ]
| 000 -LEADER | |
|---|---|
| fixed length control field | 01058nam a22003135a 4500 |
| 001 - CONTROL NUMBER | |
| control field | SSB011226 |
| 005 - DATE AND TIME OF LATEST TRANSACTION | |
| control field | 20141211145319.0 |
| 008 - FIXED-LENGTH DATA ELEMENTS--GENERAL INFORMATION | |
| fixed length control field | 110121s2010 ph a 000 0 eng |
| 010 ## - LIBRARY OF CONGRESS CONTROL NUMBER | |
| LC control number | 2010440354 |
| 020 ## - INTERNATIONAL STANDARD BOOK NUMBER | |
| International Standard Book Number | 9789710579044 |
| 040 ## - CATALOGING SOURCE | |
| Original cataloging agency | DLC |
| Transcribing agency | DLC |
| 042 ## - AUTHENTICATION CODE | |
| Authentication code | lcode |
| 043 ## - GEOGRAPHIC AREA CODE | |
| Geographic area code | a-ph--- |
| 050 ## - LIBRARY OF CONGRESS CALL NUMBER | |
| Classification number | HV 2474 |
| Item number | .L697 2010 |
| 245 00 - TITLE STATEMENT | |
| Title | Listen to unspoken words / |
| Statement of responsibility, etc | Joaquin Benares ... [et al.]. |
| 260 ## - PUBLICATION, DISTRIBUTION, ETC. (IMPRINT) | |
| Place of publication, distribution, etc | Manila, Philippines : |
| Name of publisher, distributor, etc | ArtPostAsia, |
| Date of publication, distribution, etc | c2010. |
| 300 ## - PHYSICAL DESCRIPTION | |
| Extent | 79 pages : |
| Other physical details | illustrations (some colored) ; |
| Dimensions | 23 cm. |
| 504 ## - BIBLIOGRAPHY, ETC. NOTE | |
| Bibliography, etc | Includes bibliographical references. |
| 505 ## - FORMATTED CONTENTS NOTE | |
| Miscellaneous information | Meeting new friends -- |
| Title | A Step before stepping in : sign lessons -- |
| -- | Understanding a world without spoken words -- |
| -- | Listening with the heart : insights from the journey. |
| 521 ## - TARGET AUDIENCE NOTE | |
| Target audience note | Special Education |
| 650 ## - SUBJECT ADDED ENTRY--TOPICAL TERM | |
| Topical term or geographic name as entry element | Deaf |
| General subdivision | Education. |
| 650 #0 - SUBJECT ADDED ENTRY--TOPICAL TERM | |
| Topical term or geographic name as entry element | Sign language. |
| 700 ## - ADDED ENTRY--PERSONAL NAME | |
| Personal name | Yang, Krystel. |
| 700 ## - ADDED ENTRY--PERSONAL NAME | |
| Personal name | Schmid, Rhea. |
| 700 ## - ADDED ENTRY--PERSONAL NAME | |
| Personal name | Kelly, Christine. |
| 700 ## - ADDED ENTRY--PERSONAL NAME | |
| Personal name | Eduque, Michaela. |
| 700 1# - ADDED ENTRY--PERSONAL NAME | |
| Personal name | Benares, Joaquin. |
| 942 ## - ADDED ENTRY ELEMENTS (KOHA) | |
| Source of classification or shelving scheme | Library of Congress Classification |
| Koha item type | Books |
| Call number prefix | Filipininana |
| Withdrawn status | Lost status | Source of classification or shelving scheme | Damaged status | Home library | Current library | Shelving location | Date acquired | Source of acquisition | Sub Shelving location | Total Checkouts | Full call number | Barcode | Date last seen | Price effective from | Koha item type |
|---|---|---|---|---|---|---|---|---|---|---|---|---|---|---|---|
| Library of Congress Classification | College Library | College Library | Filipiniana Section | 12/11/2014 | Library Fund | HV 2474 .L697 2010 | C19030 | 05/08/2018 | 12/11/2014 | Books |